[Event "Hamburg HSK Easter op"]
[Site "Hamburg"]
[Date "2024.03.30"]
[Round "4"]
[White "Atri, Jamshid"]
[Black "Braun, Julian1"]
[Result "1/2-1/2"]
[WhiteElo "1996"]
[BlackElo "1827"]
[PlyCount "116"]
[EventDate "2024.03.29"]
[EventType "swiss"]
[EventRounds "7"]
[EventCountry "GER"]
[SourceTitle "CB18_2024"]
[SourceDate "2024.05.01"]
[SourceVersion "1"]
[SourceVersionDate "2024.05.01"]
[SourceQuality "2"]

1. e4 e5 2. Nf3 Nc6 3. Bb5 a6 4. Ba4 Nf6 5. 0-0 Be7 6. Re1 b5 7. Bb3 d6 8. c3 0-0 9. h3 Nb8 10. d4 Nbd7 11. Nbd2 Bb7 12. Bc2 Re8 13. a4 c5 14. d5 Bf8 15. b4 Qc7 16. Nb3 Rec8 17. Ra2 bxa4 18. Na5 cxb4 19. cxb4 Nb6 20. Bd3 Qd7 21. Nd2 Rc3 22. Qe2 Rac8 23. Bb2 Nbxd5 24. exd5 Nxd5 25. Qe4 Rxd3 26. Qxd3 Nxb4 27. Qb1 Nxa2 28. Qxa2 Rc2 29. Ndc4 Qf5 30. Rf1 Bd5 31. Qb1 Qg6 32. Ne3 Be4 33. Qa1 Re2 34. Nac4 d5 35. Nxe5 Qg5 36. N5g4 h5 37. f4 Qh4 38. Rf2 Rxf2 39. Nxf2 Qxf4 40. Bd4 Bd6 41. Qxa4 Kh7 42. Qxa6 Be7 43. Qe2 Bg5 44. Qxh5+ Kg8 45. Qg4 Qxg4 46. Nexg4 f5 47. Nxe4 dxe4 48. Nh2 g6 49. Kf1 Bf4 50. Bg1 Kf7 51. Ke2 Ke6 52. Nf1 Bd6 53. g3 g5 54. h4 f4 55. gxf4 gxf4 56. Nh2 f3+ 57. Nxf3 exf3+ 58. Kxf3 Kf5 1/2-1/2

[Event "Hamburg HSK Easter op"]
[Site "Hamburg"]
[Date "2024.03.30"]
[Round "3"]
[White "Debertshaeuser, Joern"]
[Black "Atri, Jamshid"]
[Result "1/2-1/2"]
[WhiteElo "2010"]
[BlackElo "1996"]
[PlyCount "128"]
[EventDate "2024.03.29"]
[EventType "swiss"]
[EventRounds "7"]
[EventCountry "GER"]
[SourceTitle "CB18_2024"]
[SourceDate "2024.05.01"]
[SourceVersion "1"]
[SourceVersionDate "2024.05.01"]
[SourceQuality "2"]

1. e4 e5 2. Nf3 d6 3. d4 Nd7 4. Bc4 c6 5. a4 Be7 6. Nc3 Ngf6 7. 0-0 0-0 8. Re1 a5 9. h3 exd4 10. Nxd4 Nc5 11. Bf4 Be6 12. Nxe6 fxe6 13. e5 d5 14. exf6 Bxf6 15. Be5 dxc4 16. Qe2 Bxe5 17. Qxe5 Rf5 18. Qe2 Qh4 19. Rad1 Raf8 20. f3 e5 21. Ne4 Nxe4 22. Qxc4+ Kh8 23. Rxe4 Qg5 24. Qe2 h6 25. Re1 Re8 26. b3 Re6 27. Qe3 Qd8 28. g4 Rf8 29. Kg2 Rfe8 30. Qe2 Qd5 31. Rd1 Qc5 32. f4 R6e7 33. Re1 Qd5 34. c4 Qc5 35. Rxe5 Rxe5 36. fxe5 Qb4 37. Qe3 b5 38. cxb5 cxb5 39. axb5 Qxb5 40. e6 a4 41. bxa4 Qxa4 42. Kg3 Qc6 43. Qe5 Kg8 44. Re3 Re7 45. Qf5 Qc7+ 46. Qe5 Qc6 47. h4 Qb6 48. h5 Qb1 49. Qe4 Qb8+ 50. Qf4 Qb6 51. Qe5 Qb1 52. Kf4 Qb4+ 53. Re4 Qd2+ 54. Re3 Qb4+ 55. Kf5 Qb7 56. Kg6 Qc6 57. Kf5 Qc1 58. Qf4 Qc6 59. Qe4 Qc5+ 60. Qe5 Qc2+ 61. Re4 Qc6 62. Qb8+ Re8 63. Qa7 Qd5+ 64. Kf4 Rxe6 1/2-1/2

[Event "Hamburg Easter op"]
[Site "Hamburg"]
[Date "2023.04.09"]
[Round "5"]
[White "Schmitzer, Klaus"]
[Black "Atri, Jamshid"]
[Result "1-0"]
[WhiteElo "2238"]
[BlackElo "1983"]
[PlyCount "57"]
[EventDate "2023.04.07"]
[EventType "swiss"]
[EventRounds "7"]
[EventCountry "GER"]
[SourceTitle "EXT 2024"]
[Source "ChessBase"]
[SourceDate "2023.10.10"]
[SourceVersion "1"]
[SourceVersionDate "2023.10.10"]
[SourceQuality "1"]

1. e4 d6 2. d4 Nf6 3. Nc3 e5 4. Nge2 Be7 5. f3 0-0 6. Be3 c6 7. Qd2 b5 8. g4 Qa5 9. Ng3 Re8 10. h4 b4 11. Nce2 c5 12. d5 Nfd7 13. Nf5 Bf8 14. h5 Nb6 15. Neg3 Ba6 16. b3 Bxf1 17. Kxf1 N8d7 18. g5 c4 19. g6 cxb3 20. cxb3 Nc5 21. Rd1 Qb5+ 22. Kg1 fxg6 23. hxg6 hxg6 24. Qh2 gxf5 25. Qh7+ Kf7 26. Qxf5+ Kg8 27. Rd2 Nbd7 28. Rdh2 Nf6 29. Qg6 1-0

[Event "Hamburg Easter op"]
[Site "Hamburg"]
[Date "2023.04.08"]
[Round "3"]
[White "Bracker, Frank"]
[Black "Atri, Jamshid"]
[Result "1-0"]
[WhiteElo "2314"]
[BlackElo "1983"]
[PlyCount "75"]
[EventDate "2023.04.07"]
[EventType "swiss"]
[EventRounds "7"]
[EventCountry "GER"]
[SourceTitle "EXT 2024"]
[Source "ChessBase"]
[SourceDate "2023.10.10"]
[SourceVersion "1"]
[SourceVersionDate "2023.10.10"]
[SourceQuality "1"]

1. c4 Nf6 2. Nf3 e6 3. g3 d5 4. Bg2 Be7 5. 0-0 0-0 6. b3 c5 7. Bb2 Nc6 8. cxd5 exd5 9. d4 Bg4 10. dxc5 Bxc5 11. Nc3 Re8 12. Rc1 Bf8 13. h3 Be6 14. Ng5 Rc8 15. Nxe6 fxe6 16. e3 a6 17. Qd3 Qd6 18. Rfd1 Red8 19. Ne2 e5 20. Qb1 Qe6 21. g4 g6 22. Ng3 e4 23. Ne2 g5 24. Qa1 Nd7 25. Nd4 Nxd4 26. Bxd4 Bd6 27. Qb2 Be5 28. Qd2 Rxc1 29. Rxc1 Rf8 30. Rc2 Bb8 31. Bb2 Be5 32. Ba3 Re8 33. Qb4 b6 34. Qd2 a5 35. Qe2 Bb8 36. Qb5 Ne5 37. Rd2 Nd3 38. Rxd3 1-0

[Event "Hamburg HSK Christmas op"]
[Site "Hamburg"]
[Date "2022.12.30"]
[Round "7"]
[White "Atri, Jamshid"]
[Black "Guenther, Patrick"]
[Result "1-0"]
[WhiteElo "2020"]
[BlackElo "2151"]
[PlyCount "105"]
[EventDate "2022.12.27"]
[EventType "swiss"]
[EventRounds "7"]
[EventCountry "GER"]
[SourceTitle "EXT 2024"]
[Source "ChessBase"]
[SourceDate "2023.10.10"]
[SourceVersion "1"]
[SourceVersionDate "2023.10.10"]
[SourceQuality "1"]

1. e4 c5 2. Nf3 d6 3. d4 cxd4 4. Nxd4 Nf6 5. Nc3 a6 6. h3 e5 7. Nde2 h5 8. g3 Be6 9. Bg2 Nbd7 10. 0-0 Be7 11. Be3 Qc7 12. a4 0-0 13. b3 Rfc8 14. Rc1 Qb8 15. f4 Nf8 16. Nd5 Bxd5 17. exd5 b5 18. fxe5 dxe5 19. d6 Qxd6 20. Qxd6 Bxd6 21. Bxa8 Rxa8 22. Rfd1 Be7 23. c4 bxa4 24. bxa4 Rc8 25. Kg2 Ne6 26. Bg1 Rc7 27. Rc2 Kh7 28. Nc1 Kg6 29. Nd3 Nd7 30. Re1 f6 31. Nf4+ Nxf4+ 32. gxf4 Bc5 33. Bh2 Bd4 34. fxe5 fxe5 35. Rd1 Rc6 36. Bxe5 Nxe5 37. Rxd4 Kf6 38. h4 Ng6 39. Kg3 Ne7 40. Rf4+ Nf5+ 41. Kf3 Rc5 42. Rd2 Ke5 43. Rd5+ Rxd5 44. cxd5 g6 45. Rb4 Kxd5 46. Rb6 Nxh4+ 47. Kf4 Kc5 48. a5 Ng2+ 49. Kf3 Nh4+ 50. Kf4 Ng2+ 51. Ke4 g5 52. Rxa6 Kb5 53. Rg6 1-0

[Event "Hamburg HSK Christmas op"]
[Site "Hamburg"]
[Date "2022.12.29"]
[Round "5"]
[White "Atri, Jamshid"]
[Black "Reddmann, Hauke"]
[Result "0-1"]
[WhiteElo "2020"]
[BlackElo "2212"]
[PlyCount "72"]
[EventDate "2022.12.27"]
[EventType "swiss"]
[EventRounds "7"]
[EventCountry "GER"]
[SourceTitle "EXT 2024"]
[Source "ChessBase"]
[SourceDate "2023.10.10"]
[SourceVersion "1"]
[SourceVersionDate "2023.10.10"]
[SourceQuality "1"]

1. e4 c5 2. Nf3 d6 3. d4 cxd4 4. Nxd4 Nf6 5. Nc3 a6 6. Bc4 e6 7. Bb3 Nbd7 8. f4 Nc5 9. f5 b5 10. 0-0 b4 11. Na4 Nxb3 12. axb3 Qc7 13. Qd3 e5 14. Ne2 Bb7 15. Ng3 d5 16. exd5 Nxd5 17. Re1 Be7 18. c4 bxc3 19. bxc3 0-0 20. Ne4 Rfd8 21. Qg3 Nf6 22. Bh6 g6 23. Nxf6+ Bxf6 24. fxg6 hxg6 25. Bg5 Bxg5 26. Qxg5 e4 27. Rad1 Rd3 28. Rxd3 exd3 29. b4 Rd8 30. Nc5 Bc6 31. Nxa6 d2 32. Rd1 Qd6 33. Nc5 Kg7 34. Nb3 Qe6 35. Nxd2 f6 36. Qc5 Rxd2 0-1

[Event "Hamburg HSK Christmas op"]
[Site "Hamburg"]
[Date "2022.12.29"]
[Round "6"]
[White "Wiethuechter, Samuel"]
[Black "Atri, Jamshid"]
[Result "0-1"]
[WhiteElo "1712"]
[BlackElo "2020"]
[PlyCount "55"]
[EventDate "2022.12.27"]
[EventType "swiss"]
[EventRounds "7"]
[EventCountry "GER"]
[SourceTitle "EXT 2024"]
[Source "ChessBase"]
[SourceDate "2023.10.10"]
[SourceVersion "1"]
[SourceVersionDate "2023.10.10"]
[SourceQuality "1"]

1. c4 Nf6 2. Nc3 e6 3. g3 d5 4. Bg2 d4 5. Ne4 Nxe4 6. Bxe4 e5 7. Qa4+ c6 8. Qc2 g6 9. d3 Na6 10. a3 Nc5 11. Bg2 a5 12. Nf3 Bg7 13. Nd2 a4 14. b4 axb3 15. Nxb3 Na4 16. Bd2 0-0 17. h4 h6 18. Bb4 Re8 19. Nc5 Nxc5 20. Bxc5 e4 21. 0-0 e3 22. f3 f5 23. f4 g5 24. hxg5 hxg5 25. Rf3 Kh7 26. Kh2 Kg6 27. Rh1 b6 28. Rff1 0-1

[Event "Hamburg-chT Landesliga 2122"]
[Site "Hamburg"]
[Date "2022.06.19"]
[Round "5.6"]
[White "Atri, Jamshid"]
[Black "Syed, Tareq"]
[Result "1/2-1/2"]
[WhiteElo "1984"]
[BlackElo "1967"]
[PlyCount "45"]
[EventDate "2021.10.31"]
[EventType "team-tourn"]
[EventRounds "9"]
[EventCountry "GER"]
[SourceTitle "EXT 2024"]
[Source "ChessBase"]
[SourceDate "2023.10.10"]
[SourceVersion "1"]
[SourceVersionDate "2023.10.10"]
[SourceQuality "1"]
[WhiteTeam "Hamburger SK IV"]
[BlackTeam "Harburg Diagonale"]
[WhiteTeamCountry "GER"]
[BlackTeamCountry "GER"]

1. e4 d6 2. d4 Nf6 3. Nc3 e5 4. Nf3 Nbd7 5. Bc4 Be7 6. Ng5 0-0 7. Bxf7+ Rxf7 8. Ne6 Qe8 9. Nxc7 Qd8 10. Nxa8 b6 11. dxe5 dxe5 12. Be3 Bb7 13. Nxb6 axb6 14. f3 Qc8 15. 0-0 Bc5 16. Re1 g5 17. Kh1 Rg7 18. Bxc5 Qxc5 19. Qd2 g4 20. Rad1 Rg6 21. Qe3 Qe7 22. b3 Qe6 23. Rd2 1/2-1/2

[Event "Hamburg-chT Landesliga 2122"]
[Site "Hamburg"]
[Date "2022.05.15"]
[Round "4.6"]
[White "Ziller, Christian"]
[Black "Atri, Jamshid"]
[Result "1-0"]
[WhiteElo "2031"]
[BlackElo "1984"]
[PlyCount "75"]
[EventDate "2021.10.31"]
[EventType "team-tourn"]
[EventRounds "9"]
[EventCountry "GER"]
[SourceTitle "EXT 2023"]
[Source "ChessBase"]
[SourceDate "2022.10.05"]
[SourceVersion "1"]
[SourceVersionDate "2022.10.05"]
[SourceQuality "1"]
[WhiteTeam "St Pauli II"]
[BlackTeam "Hamburger SK IV"]
[WhiteTeamCountry "GER"]
[BlackTeamCountry "GER"]

1. e4 d6 2. Nc3 Nf6 3. d4 e5 4. dxe5 dxe5 5. Qxd8+ Kxd8 6. Bc4 Be6 7. Bxe6 fxe6 8. Nf3 Bd6 9. Be3 a6 10. a3 Ke7 11. Nd2 b5 12. f3 Nc6 13. Ne2 Na5 14. b3 c5 15. g3 Rhc8 16. c3 Nc6 17. Kf2 a5 18. a4 Rcb8 19. Rhd1 h6 20. Nc1 Nd4 21. Ra2 b4 22. cxd4 cxd4 23. Nd3 dxe3+ 24. Kxe3 Bc7 25. Nc4 Nd7 26. Rc2 Rc8 27. Ke2 Rab8 28. Rdc1 Ra8 29. Ncxe5 Nxe5 30. Nxe5 Kd8 31. Nc6+ Kd7 32. Nd4 e5 33. Nf5 g6 34. Nxh6 Ra7 35. Ng4 Rf8 36. Rd1+ Ke7 37. Rc6 Rg8 38. h4 1-0

[Event "Hamburg-chT Landesliga 2122"]
[Site "Hamburg"]
[Date "2022.03.27"]
[Round "6.5"]
[White "Atri, Jamshid"]
[Black "David, Torsten"]
[Result "1/2-1/2"]
[WhiteElo "1984"]
[BlackElo "2064"]
[PlyCount "102"]
[EventDate "2021.10.31"]
[EventType "team-tourn"]
[EventRounds "9"]
[EventCountry "GER"]
[SourceTitle "EXT 2023"]
[Source "ChessBase"]
[SourceDate "2022.10.05"]
[SourceVersion "1"]
[SourceVersionDate "2022.10.05"]
[SourceQuality "1"]
[WhiteTeam "Hamburger SK IV"]
[BlackTeam "St Pauli III"]
[WhiteTeamCountry "GER"]
[BlackTeamCountry "GER"]

1. e4 c5 2. Nf3 Nf6 3. Nc3 d6 4. d4 cxd4 5. Nxd4 a6 6. h3 e6 7. g4 d5 8. exd5 Nxd5 9. Nde2 Bb4 10. Bd2 Nc6 11. Bg2 Nxc3 12. Bxc6+ bxc6 13. Bxc3 Bxc3+ 14. Nxc3 Bb7 15. Qxd8+ Rxd8 16. Rd1 c5 17. Rxd8+ Kxd8 18. Rg1 Bc6 19. Ke2 Kc7 20. h4 Rd8 21. f4 e5 22. fxe5 Re8 23. g5 Rxe5+ 24. Kd2 Bd7 25. Rf1 Rf5 26. Rxf5 Bxf5 27. Ne2 Kd6 28. Ng3 Ke5 29. a3 Bd7 30. Ke3 a5 31. Ne4 c4 32. Nd2 Be6 33. b4 axb4 34. axb4 Bd5 35. c3 f6 36. gxf6 gxf6 37. Nf3+ Kf5 38. Nh2 Ke5 39. b5 f5 40. Nf3+ Bxf3 41. Kxf3 Kd5 42. h5 Kc5 43. h6 Kxb5 44. Kf4 Ka4 45. Kxf5 Kb3 46. Kf6 Kxc3 47. Kg7 Kd2 48. Kxh7 c3 49. Kg8 c2 50. h7 c1Q 51. h8Q Qc8+ 1/2-1/2

[Event "Hamburg-chT Landesliga 2122"]
[Site "Hamburg"]
[Date "2021.11.21"]
[Round "2.6"]
[White "Klaas, Heiko"]
[Black "Atri, Jamshid"]
[Result "0-1"]
[WhiteElo "2043"]
[BlackElo "1984"]
[PlyCount "98"]
[EventDate "2021.10.31"]
[EventType "team-tourn"]
[EventRounds "9"]
[EventCountry "GER"]
[SourceTitle "EXT 2023"]
[Source "ChessBase"]
[SourceDate "2022.10.05"]
[SourceVersion "1"]
[SourceVersionDate "2022.10.05"]
[SourceQuality "1"]
[WhiteTeam "Hamburger SK VI"]
[BlackTeam "Hamburger SK IV"]
[WhiteTeamCountry "GER"]
[BlackTeamCountry "GER"]

1. e4 d6 2. d4 Nf6 3. Nc3 e5 4. dxe5 dxe5 5. Qxd8+ Kxd8 6. Bg5 Be6 7. 0-0-0+ Nbd7 8. Nf3 Kc8 9. a3 a6 10. Bh4 h6 11. Nd2 b5 12. f3 c6 13. Bf2 Kc7 14. g3 g5 15. h4 Be7 16. Bg2 Nh5 17. hxg5 hxg5 18. Nf1 a5 19. a4 b4 20. Ne2 b3 21. Ne3 bxc2 22. Nxc2 Nc5 23. Nc3 Nf6 24. Be3 Rxh1 25. Bxh1 Nfd7 26. f4 gxf4 27. gxf4 f6 28. Bf3 Rh8 29. Rh1 Rxh1+ 30. Bxh1 Nd3+ 31. Kb1 Nxf4 32. Bxf4 exf4 33. Nd4 Bg4 34. Kc2 Ne5 35. Bg2 Bc5 36. Nb3 Bb6 37. Bf1 Kd6 38. Nc1 f3 39. b3 Bd4 40. Nd3 Nxd3 41. Kxd3 Bxc3 42. Kxc3 Kc5 43. Kd2 Kd4 44. b4 axb4 45. a5 c5 46. a6 Bc8 47. a7 Bb7 48. Ba6 Bxe4 49. Bd3 Ba8 0-1

[Event "Blankenese op 3rd"]
[Site "Hamburg"]
[Date "2019.10.03"]
[Round "1"]
[White "Atri, Jamshid"]
[Black "Klawitter, Rolf"]
[Result "1-0"]
[WhiteElo "1925"]
[BlackElo "1336"]
[PlyCount "99"]
[EventDate "2019.10.03"]
[EventType "swiss"]
[EventRounds "7"]
[EventCountry "GER"]
[SourceTitle "EXT 2023"]
[Source "ChessBase"]
[SourceDate "2022.10.05"]
[SourceVersion "1"]
[SourceVersionDate "2022.10.05"]
[SourceQuality "1"]

1. e4 e5 2. Nf3 Nc6 3. Bb5 a6 4. Bxc6 dxc6 5. 0-0 Bg4 6. h3 Bxf3 7. Qxf3 Qe7 8. d3 0-0-0 9. Nd2 Nf6 10. Nc4 g6 11. Qg3 Nd7 12. f4 f6 13. fxe5 Nxe5 14. Nxe5 Qxe5 15. Qxe5 fxe5 16. Kh1 Bc5 17. Bg5 Rde8 18. Bh6 Rhg8 19. Rf7 Re7 20. Raf1 Kd7 21. Bg5 Rxf7 22. Rxf7+ Kc8 23. Bf6 Bd6 24. Rxh7 Rf8 25. Rh8 Rxh8 26. Bxh8 Kd7 27. Bf6 Ke6 28. Bg5 c5 29. b3 Kd7 30. g4 Kc6 31. c4 Kd7 32. Kg2 Ke6 33. Kf3 Kf7 34. h4 c6 35. h5 Bf8 36. Kg3 gxh5 37. gxh5 Ke6 38. Kg4 Bg7 39. Be3 Bf8 40. Kg5 Kf7 41. Kf5 Bd6 42. h6 b5 43. Bg5 Bf8 44. Bd2 Bd6 45. Be3 Bf8 46. Bg5 Bd6 47. Bf6 Bf8 48. h7 Bg7 49. h8Q Bxh8 50. Bxh8 1-0

[Event "Hamburg HSK Christmas op 4th"]
[Site "Hamburg"]
[Date "2018.12.28"]
[Round "3"]
[White "Mi, Gufeng"]
[Black "Atri, Jamshid"]
[Result "1-0"]
[WhiteElo "1489"]
[BlackElo "1930"]
[PlyCount "71"]
[EventDate "2018.12.27"]
[EventType "swiss"]
[EventRounds "7"]
[EventCountry "GER"]
[SourceTitle "CBM 188 Extra"]
[Source "ChessBase"]
[SourceDate "2019.02.26"]
[SourceVersion "1"]
[SourceVersionDate "2019.02.26"]
[SourceQuality "1"]

1. d4 Nf6 2. Nf3 d5 3. Bf4 e6 4. e3 c5 5. c3 Nc6 6. Nbd2 Bd6 7. Bd3 Bxf4 8. exf4 cxd4 9. Nxd4 Nxd4 10. cxd4 Qb6 11. Nf3 Qxb2 12. 0-0 0-0 13. Re1 Qa3 14. Ne5 Qd6 15. g4 Ne8 16. g5 g6 17. Qg4 f6 18. gxf6 Nxf6 19. Qg5 Qe7 20. Re3 Qg7 21. Rg3 Nh5 22. Rg4 Rf6 23. Kh1 h6 24. Qh4 Nxf4 25. Rxf4 g5 26. Rxf6 Qxf6 27. Qg3 b6 28. h4 Bb7 29. Rg1 Rc8 30. hxg5 hxg5 31. Qxg5+ Qxg5 32. Rxg5+ Kf8 33. Rh5 Rc1+ 34. Kg2 Bc8 35. Rh8+ Ke7 36. Rh7+ 1-0

[Event "Hamburg HSK Christmas op 4th"]
[Site "Hamburg"]
[Date "2018.12.28"]
[Round "4"]
[White "Perschk, Bendix"]
[Black "Atri, Jamshid"]
[Result "0-1"]
[WhiteElo "1694"]
[BlackElo "1930"]
[PlyCount "114"]
[EventDate "2018.12.27"]
[EventType "swiss"]
[EventRounds "7"]
[EventCountry "GER"]
[SourceTitle "CBM 188 Extra"]
[Source "ChessBase"]
[SourceDate "2019.02.26"]
[SourceVersion "1"]
[SourceVersionDate "2019.02.26"]
[SourceQuality "1"]

1. Nf3 d5 2. g3 c5 3. Bg2 Nc6 4. 0-0 e5 5. d3 f6 6. Re1 Be6 7. e4 d4 8. c3 Qd7 9. b4 dxc3 10. b5 Nd4 11. Nxc3 Nxb5 12. Nd5 Ne7 13. Nh4 0-0-0 14. a4 Nd4 15. f4 exf4 16. Nxf4 Bb3 17. Qh5 Kb8 18. Nhg6 Nxg6 19. Nxg6 Qe8 20. Nf4 Qxh5 21. Nxh5 Nc2 22. Bf4+ Ka8 23. Bc7 Rc8 24. e5 Nxe1 25. Rxe1 Rxc7 26. exf6 a6 27. Re8+ Ka7 28. fxg7 Bxg7 29. Nxg7 Rxe8 30. Nxe8 Bxa4 31. Nxc7 b5 32. Bd5 Bc2 33. Ne6 Kb6 34. d4 c4 35. Kf2 a5 36. Ke3 Bb3 37. Nc5 Ba2 38. Ne4 b4 39. Nd6 a4 40. Nxc4+ Kc7 41. Kd2 a3 42. g4 h6 43. Ne3 Bb1 44. Kc1 Bd3 45. Bb3 Kb6 46. h4 Kb5 47. Nf5 h5 48. Ne3 hxg4 49. Nxg4 Bc4 50. Kc2 a2 51. Bxc4+ Kxc4 52. Kb2 b3 53. h5 Kd3 54. Ne3 Kxe3 55. h6 Kd2 56. h7 a1Q+ 57. Kxa1 Kc2 0-1

[Event "Hamburg-ch MA"]
[Site "Hamburg"]
[Date "2018.05.27"]
[Round "9"]
[White "Atri, Jamshid"]
[Black "Keyser, Philipp"]
[Result "0-1"]
[WhiteElo "1990"]
[BlackElo "2005"]
[PlyCount "84"]
[EventDate "2018.05.01"]
[EventType "swiss"]
[EventRounds "9"]
[EventCountry "GER"]
[SourceTitle "EXT 2020"]
[Source "ChessBase"]
[SourceDate "2019.10.17"]
[SourceVersion "1"]
[SourceVersionDate "2019.10.17"]
[SourceQuality "1"]

1. e4 c5 2. Nf3 d6 3. d4 cxd4 4. Nxd4 Nf6 5. Nc3 a6 6. h3 e5 7. Nde2 h5 8. g3 Nbd7 9. Bg2 b5 10. 0-0 Be7 11. a4 b4 12. Nd5 Nxd5 13. exd5 h4 14. g4 0-0 15. f4 exf4 16. Nxf4 Ne5 17. a5 Rb8 18. b3 Bf6 19. Ra2 Bd7 20. Bd2 Rb5 21. Ra4 Qb8 22. Rf2 Bd8 23. Qe1 Re8 24. Re2 Bxa5 25. Qxh4 Bd8 26. Qg3 Rb7 27. Ra2 Bb5 28. Re1 Bb6+ 29. Kh1 Qa7 30. Be3 Bxe3 31. Qxe3 Ng6 32. Qxe8+ Bxe8 33. Rxe8+ Kh7 34. Nd3 Re7 35. Rxe7 Qxe7 36. Rxa6 Nh4 37. Ra1 Nxg2 38. Kxg2 Qe2+ 39. Nf2 Qxc2 40. Ra6 Qc5 41. Ra4 Qxd5+ 42. Kg1 Qxb3 0-1

[Event "Hamburg-ch MA"]
[Site "Hamburg"]
[Date "2018.05.21"]
[Round "3"]
[White "Atri, Jamshid"]
[Black "Emami, Madjid"]
[Result "1-0"]
[WhiteElo "1990"]
[BlackElo "1986"]
[PlyCount "61"]
[EventDate "2018.05.01"]
[EventType "swiss"]
[EventRounds "9"]
[EventCountry "GER"]
[SourceTitle "EXT 2020"]
[Source "ChessBase"]
[SourceDate "2019.10.17"]
[SourceVersion "1"]
[SourceVersionDate "2019.10.17"]
[SourceQuality "1"]

1. e4 g6 2. d4 Bg7 3. h4 d5 4. exd5 Qxd5 5. Nf3 Bg4 6. Be2 Qd6 7. Nc3 c6 8. Be3 Nf6 9. Qd2 Nd5 10. Nxd5 cxd5 11. 0-0-0 Nc6 12. Kb1 Rc8 13. Ne1 Bxe2 14. Qxe2 a6 15. h5 Na5 16. hxg6 hxg6 17. Rxh8+ Bxh8 18. Nd3 Nc4 19. Rh1 Bf6 20. c3 Qb6 21. Ka1 Qb5 22. Re1 Rc6 23. f4 Rb6 24. g4 Nd6 25. Qf2 Rc6 26. Rh1 Kf8 27. Ne5 Rb6 28. Bc1 e6 29. a4 Qe8 30. b3 Ne4 31. Ba3+ 1-0

[Event "Hamburg-ch MA"]
[Site "Hamburg"]
[Date "2018.05.20"]
[Round "2"]
[White "Bracker, Arne"]
[Black "Atri, Jamshid"]
[Result "1-0"]
[WhiteElo "2218"]
[BlackElo "1990"]
[PlyCount "63"]
[EventDate "2018.05.01"]
[EventType "swiss"]
[EventRounds "9"]
[EventCountry "GER"]
[SourceTitle "EXT 2020"]
[Source "ChessBase"]
[SourceDate "2019.10.17"]
[SourceVersion "1"]
[SourceVersionDate "2019.10.17"]
[SourceQuality "1"]

1. e4 e5 2. Nf3 Nc6 3. Bb5 a6 4. Ba4 d6 5. 0-0 Bd7 6. d4 b5 7. Bb3 Nxd4 8. Nxd4 exd4 9. c3 d3 10. Qxd3 Nf6 11. Bg5 Be7 12. Bc2 h6 13. Bh4 Be6 14. Nd2 Nd7 15. Bxe7 Qxe7 16. f4 f6 17. a4 Rb8 18. axb5 axb5 19. Ra7 Nc5 20. Qe2 Qd7 21. b4 Nb7 22. e5 dxe5 23. Bg6+ Kd8 24. fxe5 Rf8 25. Be4 Kc8 26. Rd1 Qe8 27. Rxb7 Rxb7 28. Bxb7+ Kxb7 29. Ne4 Qc6 30. exf6 Bc4 31. Qe3 gxf6 32. Ra1 1-0

[Event "Hamburg CC Easter op 4th"]
[Site "Hamburg"]
[Date "2018.04.01"]
[Round "6"]
[White "Jorgensen, Soren Berg"]
[Black "Atri, Jamshid"]
[Result "1-0"]
[WhiteElo "2149"]
[BlackElo "1991"]
[PlyCount "105"]
[EventDate "2018.03.30"]
[EventType "swiss"]
[EventRounds "7"]
[EventCountry "GER"]
[SourceTitle "CBM 183 Extra"]
[Source "ChessBase"]
[SourceDate "2018.04.19"]
[SourceVersion "1"]
[SourceVersionDate "2018.04.19"]
[SourceQuality "1"]

1. e4 e5 2. f4 exf4 3. Nf3 g5 4. h4 g4 5. Ne5 Nf6 6. d4 d6 7. Nd3 Nxe4 8. Bxf4 Bg7 9. c3 Nc6 10. Nd2 Qe7 11. Qe2 Nxd2 12. Kxd2 Qxe2+ 13. Bxe2 Bd7 14. h5 h6 15. Rae1 0-0-0 16. Rhf1 f5 17. Bg3 Bf6 18. Nf4 Bg5 19. Bd3 Rde8 20. Kc2 Rxe1 21. Rxe1 Ne7 22. c4 Kd8 23. d5 Re8 24. Rf1 Ng8 25. Ne6+ Bxe6 26. dxe6 Rxe6 27. Rxf5 Nf6 28. Bf4 Bxf4 29. Rxf4 Ke7 30. Kd2 Re5 31. Bg6 Rg5 32. Rf5 Rxf5 33. Bxf5 Nxh5 34. Bxg4 Nf6 35. Bf3 c6 36. Ke3 d5 37. cxd5 Nxd5+ 38. Ke4 Kf6 39. Bg4 a5 40. Bc8 b6 41. Bd7 Ne7 42. a4 c5 43. b3 Ng6 44. Kd5 Ke7 45. Bh3 Nf4+ 46. Kc6 Nd3 47. Kxb6 Kd6 48. Kxa5 Nc1 49. b4 c4 50. Kb5 c3 51. Kc4 Na2 52. Kb3 Nxb4 53. Kxc3 1-0

[Event "Pinneberg-ch"]
[Site "Pinneberg"]
[Date "2017.10.12"]
[Round "6"]
[White "Van Riesen, Klaus"]
[Black "Atri, Jamshid"]
[Result "0-1"]
[WhiteElo "1938"]
[BlackElo "1986"]
[PlyCount "100"]
[EventDate "2017.09.07"]
[EventType "swiss"]
[EventRounds "7"]
[EventCountry "GER"]
[SourceTitle "EXT 2019"]
[Source "ChessBase"]
[SourceDate "2018.10.10"]
[SourceVersion "1"]
[SourceVersionDate "2018.10.10"]
[SourceQuality "1"]

1. e4 e5 2. Nf3 Nc6 3. Bb5 a6 4. Ba4 d6 5. c3 Bd7 6. 0-0 g6 7. d4 Bg7 8. d5 Nb8 9. Bc2 Ne7 10. c4 0-0 11. Ne1 f5 12. f4 exf4 13. Rxf4 g5 14. Rf1 f4 15. Nc3 Ng6 16. Bd3 Bc8 17. Be2 Nd7 18. Nf3 Nc5 19. Nd4 Qf6 20. Nc2 Bd7 21. Bd2 Rae8 22. Bf3 Ne5 23. b4 Nxc4 24. Be1 Na4 25. Nxa4 Bxa4 26. Rc1 Ne3 27. Nxe3 Bxd1 28. Nxd1 Re7 29. Bc3 Qg6 30. Nf2 h5 31. h3 Be5 32. Bxe5 dxe5 33. Rfd1 Rd8 34. Rc3 Kg7 35. Rdc1 Rdd7 36. a3 Kh6 37. Rc4 Qg7 38. a4 Rd6 39. Be2 Rdd7 40. a5 Re8 41. Bf3 Rc8 42. R4c3 Rd6 43. Kf1 c6 44. Kg1 Qg6 45. Rc4 Rcd8 46. Kf1 cxd5 47. exd5 Rxd5 48. Bxd5 Rxd5 49. Ke2 Rd4 50. Rc7 Rxb4 0-1

[Event "Blankenese op 1st"]
[Site "Hamburg"]
[Date "2017.10.03"]
[Round "2.6"]
[White "Atri, Jamshid"]
[Black "Trisic, Aleksandar"]
[Result "0-1"]
[WhiteElo "1964"]
[BlackElo "2283"]
[PlyCount "40"]
[EventDate "2017.09.30"]
[EventType "swiss"]
[EventRounds "7"]
[EventCountry "GER"]
[SourceTitle "EXT 2020"]
[Source "ChessBase"]
[SourceDate "2019.10.17"]
[SourceVersion "1"]
[SourceVersionDate "2019.10.17"]
[SourceQuality "1"]

1. e4 c5 2. Nf3 d6 3. d4 cxd4 4. Nxd4 Nf6 5. Nc3 a6 6. h3 e6 7. g4 Be7 8. Bg2 Qc7 9. 0-0 Nc6 10. a4 h6 11. Nb3 b6 12. f4 Nd7 13. Be3 Bb7 14. Qd2 0-0-0 15. Rad1 Kb8 16. Qf2 Rhf8 17. Rd2 g5 18. Rfd1 h5 19. Nd4 Nxd4 20. Rxd4 gxf4 0-1